|
|
|
|
| LEADER |
00000nam0a2200000 4500 |
| 001 |
31732 |
| 005 |
20231030204553.0 |
| 010 |
|
|
|a 5710300659
|
| 035 |
|
|
|a (RuTPU)RU\TPU\book\32024
|
| 035 |
|
|
|a BOOK00000103
|
| 090 |
|
|
|a 31732
|
| 100 |
|
|
|a 20011210d1992 k y0rusy50 ca
|
| 101 |
0 |
|
|a rus
|
| 102 |
|
|
|a RU
|
| 105 |
|
|
|a a z 001zy
|
| 200 |
1 |
|
|a Динамика и моделирование электромеханических приводов
|f В. Л. Вейц, Г. В. Царев
|
| 210 |
|
|
|a Саранск
|c [Б. и.]
|d 1992
|
| 215 |
|
|
|a 226 с.
|c ил.
|
| 320 |
|
|
|a Библиогр.: с. 220-226.
|
| 610 |
1 |
|
|a электроприводы
|
| 610 |
1 |
|
|a математическое моделирование
|
| 610 |
1 |
|
|a динамика
|
| 610 |
1 |
|
|a электрические цепи
|
| 610 |
1 |
|
|a механические цепи
|
| 610 |
1 |
|
|a электромеханические приводы
|
| 675 |
|
|
|a 62-86
|v 3
|
| 700 |
|
1 |
|a Вейц
|b В. М.
|g Владимир Львович
|
| 701 |
|
1 |
|a Царев
|b Г. В.
|g Геннадий Васильевич
|
| 801 |
|
0 |
|a RU
|b 63413507
|c 20011210
|g PSBO
|
| 801 |
|
2 |
|a RU
|b 63413507
|c 20160113
|g PSBO
|
| 942 |
|
|
|c BK
|